Statistics for 20 самых населенных штатов США

Click here to take the quiz!

General Stats

  • This quiz has been taken 1 630 times
  • The average score is 10 of 20

Answer Stats

НаселениеШтат% Correct
19 465 197Нью-Йорк
90%
37 691 912Калифорния
88%
25 674 681Техас
86%
6 879 012Вашингтон
83%
19 317 568Флорида
71%
11 544 951Огайо
56%
9 848 060Северная Каролина
53%
6 482 505Аризона
52%
9 876 187Мичиган
48%
8 821 155Нью-Джерси
46%
12 742 886Пенсильвания
45%
9 815 210Джорджия
42%
12 869 257Иллинойс
39%
6 021 988Миссури
39%
6 516 922Индиана
37%
6 587 536Массачусетс
36%
8 185 866Вирджиния
33%
5 344 861Миннесота
26%
5 828 289Мэриленд
22%
6 403 353Теннесси
19%

Score Distribution

Percentile by Number Answered

Percent of People with Each Score

Your Score History

You have not taken this quiz